Эволюция температурных полей и деформационное поведение биоинертных сплавов Zr-1 мас.% Nb и Ti-45 мас.% Nb в крупнокристаллическом и ультрамелкозернистом состояниях; Инновации в неразрушающем контроле (SibTest 2019)

Détails bibliographiques
Parent link:Инновации в неразрушающем контроле (SibTest 2019).— 2019.— [С. 70]
Collectivités auteurs: Национальный исследовательский Томский политехнический университет Исследовательская школа физики высокоэнергетических процессов, Национальный исследовательский Томский политехнический университет Инженерная школа неразрушающего контроля и безопасности Центр промышленной томографии Научно-производственная лаборатория "Тепловой контроль"
Autres auteurs: Шаркеев Ю. П. Юрий Петрович, Вавилов В. П. Владимир Платонович, Скрипняк В. А. Владимир Альбертович, Легостаева Е. В. Елена Викторовна, Белявская О. А. Ольга Андреевна, Чулков А. О. Арсений Олегович, Козулин А. А. Александр Анатольевич, Скрипняк В. В. Владимир Владимирович, Ерошенко А. Ю. Анна Юрьевна
Résumé:Заглавие с экрана
Langue:russe
Publié: 2019
Collection:Современные системы и технологии в неразрушающем контроле
Sujets:
Accès en ligne:http://earchive.tpu.ru/handle/11683/56668
Format: Électronique Chapitre de livre
KOHA link:https://koha.lib.tpu.ru/cgi-bin/koha/opac-detail.pl?biblionumber=630453

MARC

LEADER 00000naa2a2200000 4500
001 630453
005 20240202122420.0
035 |a (RuTPU)RU\TPU\conf\31512 
035 |a RU\TPU\conf\31511 
090 |a 630453 
100 |a 20191111d2019 k y0rusy50 ca 
101 0 |a rus 
102 |a RU 
105 |a y z 101zy 
135 |a drgn ---uucaa 
181 0 |a i  
182 0 |a b 
200 1 |a Эволюция температурных полей и деформационное поведение биоинертных сплавов Zr-1 мас.% Nb и Ti-45 мас.% Nb в крупнокристаллическом и ультрамелкозернистом состояниях  |f Ю. П. Шаркеев [и др.] 
203 |a Текст  |c электронный 
225 1 |a Современные системы и технологии в неразрушающем контроле 
300 |a Заглавие с экрана 
463 1 |0 (RuTPU)RU\TPU\conf\31411  |t Инновации в неразрушающем контроле (SibTest 2019)  |o сборник тезисов докладов V международной конференции, Екатеринбург, 26–28 июня 2019 г.  |f Национальный исследовательский Томский политехнический университет (ТПУ)  |v [С. 70]  |d 2019 
610 1 |a труды учёных ТПУ 
610 1 |a электронные ресурсы 
610 1 |a эволюция 
610 1 |a температурные поля 
610 1 |a деформационное поведение 
610 1 |a биоинертные сплавы 
610 1 |a растяжение 
610 1 |a ИК-термография 
701 1 |a Шаркеев  |b Ю. П.  |c физик  |c профессор Томского политехнического университета, доктор физико-математических наук  |f 1950-  |g Юрий Петрович  |3 (RuTPU)RU\TPU\pers\31437  |9 15599 
701 1 |a Вавилов  |b В. П.  |c специалист в области неразрушающего контроля  |c профессор Томского политехнического университета, доктор технических наук  |f 1949-  |g Владимир Платонович  |3 (RuTPU)RU\TPU\pers\19772  |9 7710 
701 1 |a Скрипняк  |b В. А.  |g Владимир Альбертович 
701 1 |a Легостаева  |b Е. В.  |g Елена Викторовна 
701 1 |a Белявская  |b О. А.  |g Ольга Андреевна 
701 1 |a Чулков  |b А. О.  |c специалист в области неразрушающего контроля  |c заместитель директора по научно-образовательной деятельности; исполняющий обязанности руководителя; старший научный сотрудник Томского политехнического университета, кандидат технических наук  |f 1989-  |g Арсений Олегович  |3 (RuTPU)RU\TPU\pers\32217  |9 16217 
701 1 |a Козулин  |b А. А.  |g Александр Анатольевич 
701 1 |a Скрипняк  |b В. В.  |g Владимир Владимирович 
701 1 |a Ерошенко  |b А. Ю.  |g Анна Юрьевна 
712 0 2 |a Национальный исследовательский Томский политехнический университет  |b Исследовательская школа физики высокоэнергетических процессов  |c (2017- )  |3 (RuTPU)RU\TPU\col\23551 
712 0 2 |a Национальный исследовательский Томский политехнический университет  |b Инженерная школа неразрушающего контроля и безопасности  |b Центр промышленной томографии  |b Научно-производственная лаборатория "Тепловой контроль"  |3 (RuTPU)RU\TPU\col\23838 
801 2 |a RU  |b 63413507  |c 20191112  |g RCR 
856 4 |u http://earchive.tpu.ru/handle/11683/56668 
942 |c BK